书目信息 |
| 题名: |
轻松补肾,健康护肾
|
|
| 作者: | 臧俊岐 , 柴瑞震 主编 | |
| 分册: | ||
| 出版信息: | 重庆 重庆出版社 2015 |
|
| 页数: | 256页 | |
| 开本: | 18cm | |
| 丛书名: | ||
| 单 册: | ||
| 中图分类: | R256.5 | |
| 科图分类: | ||
| 主题词: | 补肾--基本知识 | |
| 电子资源: | ||
| ISBN: | 978-7-229-10251-7 | |
| 000 | 00833nam0 2200241 450 | |
| 001 | 2887 | |
| 001 | 01CN11901009@CSLN | |
| 005 | 20161207091509.73 | |
| 010 | @a978-7-229-10251-7@dCNY26.80 | |
| 100 | @a20151222d2006 em y0chiy50 ea | |
| 101 | 0 | @achi |
| 102 | @aCN@b500000 | |
| 105 | @ay z 000yy | |
| 200 | 1 | @a轻松补肾,健康护肾@f臧俊岐,柴瑞震主编 |
| 210 | @a重庆@c重庆出版社@d2015 | |
| 215 | @a256页@d18cm | |
| 330 | @a本书针对一些乱补肾的现象进行科学释疑,并从中医经络穴位及饮食生活角度出发,介绍了对肾病的饮食宜忌,提出科学、平和的治疗和预防肾病的方法,同时还介绍了针对肾毒性药物的预防措施,旨在提高人们安全、谨慎用药的意识。 | |
| 606 | 0 | @a补肾@x基本知识 |
| 690 | @aR256.5@v4 | |
| 701 | 0 | @a臧俊岐@4主编 |
| 701 | 0 | @a柴瑞震@4主编 |
| 801 | 0 | @aCN@b大连网信软件有限公司图书馆·11@c20161207 |
| 905 | @aZUCC@dR256.5@e371 | |
| 轻松补肾,健康护肾/臧俊岐,柴瑞震主编.-重庆:重庆出版社,2015 |
| 256页;18cm |
| ISBN 978-7-229-10251-7:CNY26.80 |
| 本书针对一些乱补肾的现象进行科学释疑,并从中医经络穴位及饮食生活角度出发,介绍了对肾病的饮食宜忌,提出科学、平和的治疗和预防肾病的方法,同时还介绍了针对肾毒性药物的预防措施,旨在提高人们安全、谨慎用药的意识。 |
| ● |
| 相关链接 |
|
|
|
|
正题名:轻松补肾,健康护肾
索取号:R256.5/371
 
预约/预借
| 序号 | 登录号 | 条形码 | 馆藏地/架位号 | 状态 | 备注 |
| 1 | 911669 | 209116696 | 第二样本阅览室/ [索取号:R256.5/371] | 在馆 | |
| 2 | 911670 | 209116703 | 第三借阅区/ [索取号:R256.5/371] | 在馆 | |
| 3 | 911671 | 209116712 | 第三借阅区/ [索取号:R256.5/371] | 在馆 | |
| 4 | 911672 | 209116721 | 第三借阅区/ [索取号:R256.5/371] | 在馆 | |
| 5 | 911673 | 209116730 | 密集书库-生命科学系/ [索取号:R256.5/371] | 在馆 |